000 00965nam a2200277 i 4500
001 bg
100 1 _aMASTERS, Timothy
245 1 0 _aSieci neuronowe w praktyce :
_bprogramowanie w języku C++ /
_cTimothy Masters ; z ang. przeł. Stanisław Jankowski.
246 _iTyt. oryg.:
_aPractical neural network recipes in C++
260 _aWarszawa :
_bWydawnictwa Naukowo-Techniczne,
_c1996.
300 _a455 s. :
_brys., wykr. ;
_c24 cm +
_eDyskietka.
500 _aOryg."Practical neural network recipes in C++" 1993.
504 _aBiblior. s. 440-451. - Indeks.
650 9 _aC (język programowania)
650 9 _aSieci neuronowe
650 9 _aZbiory rozmyte
655 _aPodręczniki akademickie
700 1 _aJANKOWSKI, Stanisław.
_eTł.
020 _a832042061X
040 _cBPK
041 1 _apl
_hen
080 _a681.3.05:007.5:519.68C++:519.7](075.8)
920 _a83-204-2061-X
942 _cKS
008 s pl f |000 0 pol
999 _c24913
_d24913
856 _uhttp://koha.tu.koszalin.pl/cgi-bin/koha/opac-detail.pl?biblionumber=24913
_yKatalog online BPK